000 00559nam a2200193Ia 4500
003 OSt
005 20250725143751.0
008 210210b1997 xxu||||| |||| 00| 0 eng d
040 _cAL
041 _aKannada
082 _aK894.2 SHRH
100 _aSHRINIVASARAJU (Chi).
_dಶ್ರೀನಿವಾಸರಾಜು (ಚಿ)
_9220175
245 _aHaliya melina saddu.
_bಹಳಿಯ ಮೇಲಿನ ಸದ್ದು
260 _aBengaluru
_bAnkita Prakashana
_c1997
300 _a64
690 _aKannada Drama
_9220176
906 _a054835
942 _2ddc
_cBK
999 _c102918
_d102918